[Event "XI Festival A"]
[Site "Porto San Giorgio ITA"]
[Date "1999.08.23"]
[Round "4"]
[White "Efimov, Igor"]
[Black "Grigore, George-Gabriel"]
[Result "1/2-1/2"]
[WhiteElo "2445"]
[BlackElo "2526"]
[PlyCount "70"]
[EventDate "1999.08.20"]

1.d4 Nf6 2.Bg5 Ne4 3.Bf4 c5 4.f3 Qa5+ 5.c3 Nf6 6.Nd2 cxd4 7.Nb3 Qb6 8.Qxd4
Nc6 9.Qxb6 axb6 10.Nd4 Nxd4 11.cxd4 d5 12.e3 Bd7 13.Bd3 b5 14.Ne2 b4 15.
Kd2 e6 16.g4 Be7 17.Rhc1 Bc6 18.b3 Kd7 19.Rc2 Ra3 20.Rg1 Rha8 21.Nc1 Ne8 
22.Bxh7 g6 23.Bg8 g5 24.Bg3 Nd6 25.Bh7 Nb5 26.Rg2 Nc3 27.Ke1 Bb5 28.Rgd2 
Ke8 29.Bd3 Bxd3 30.Rxd3 Nxa2 31.Nxa2 Rxa2 32.Rxa2 Rxa2 33.Rd2 Ra1+ 34.Rd1 
Ra2 35.Rd2 Ra1+ 1/2-1/2

[Event "XI Festival A"]
[Site "Porto San Giorgio ITA"]
[Date "1999.08.23"]
[Round "4"]
[White "Iordachescu, Viorel"]
[Black "Tomescu, Vlad"]
[Result "1-0"]
[WhiteElo "2553"]
[BlackElo "2453"]
[PlyCount "75"]
[EventDate "1999.08.20"]

1.e4 c5 2.Nf3 Nc6 3.d4 cxd4 4.Nxd4 Nf6 5.Nc3 d6 6.Bg5 e6 7.Qd2 a6 8.O-O-O 
h6 9.Be3 Be7 10.f3 Nxd4 11.Qxd4 e5 12.Qd3 Be6 13.Kb1 b5 14.h4 Rc8 15.g4 
Qa5 16.Nd5 Nxd5 17.exd5 Bd7 18.Rh2 Qd8 19.f4 Bxg4 20.Be2 Bxe2 21.Rxe2 e4 
22.Qxe4 O-O 23.Bd4 Bf6 24.b3 Re8 25.Qxe8+ Qxe8 26.Rxe8+ Rxe8 27.Bxf6 gxf6 
28.Rd4 f5 29.Kb2 Re4 30.Kc3 Re3+ 31.Kb4 Re2 32.Ka5 Rxc2 33.Kxa6 Rxa2+ 34.
Kxb5 Kf8 35.Ra4 Rc2 36.Rc4 Rh2 37.Kc6 Ke7 38.b4 1-0

[Event "XI Festival A"]
[Site "Porto San Giorgio ITA"]
[Date "1999.08.23"]
[Round "4"]
[White "Iudicello, Massimo"]
[Black "Coratella, Giuseppe"]
[Result "1-0"]
[WhiteElo "2072"]
[BlackElo "2098"]
[PlyCount "31"]
[EventDate "1999.08.20"]

1.e4 e6 2.d3 d5 3.Nd2 c5 4.g3 Nc6 5.Bg2 Nge7 6.Ngf3 g6 7.O-O Bg7 8.Re1 b5 
9.exd5 exd5 10.Nb3 Qb6 11.Be3 d4 12.Bf4 Be6 13.Ng5 Bxb3 14.axb3 O-O 15.Bd6
Rfe8 16.Bxe7 1-0

[Event "XI Festival A"]
[Site "Porto San Giorgio ITA"]
[Date "1999.08.23"]
[Round "4"]
[White "Lazarev, Vladimir"]
[Black "Mola, Pietro"]
[Result "1-0"]
[WhiteElo "2501"]
[BlackElo "2203"]
[PlyCount "47"]
[EventDate "1999.08.20"]

1.d4 Nf6 2.c4 e6 3.Nc3 Bb4 4.Qc2 O-O 5.a3 Bxc3+ 6.Qxc3 b6 7.Bg5 Ba6 8.e3 
d6 9.Bd3 Nbd7 10.Ne2 c5 11.Qc2 h6 12.Bh4 cxd4 13.exd4 d5 14.cxd5 Bxd3 15.
Qxd3 exd5 16.O-O Qc7 17.Rac1 Qb7 18.Ng3 g6 19.Qe3 Kh7 20.Bxf6 Nxf6 21.Qf4 
Kg7 22.Rc7 Qa6 23.Rc6 Nd7 24.Nf5+ 1-0

[Event "XI Festival A"]
[Site "Porto San Giorgio ITA"]
[Date "1999.08.23"]
[Round "4"]
[White "Manca, Federico"]
[Black "Grischuk, Alexander"]
[Result "1/2-1/2"]
[WhiteElo "2373"]
[BlackElo "2549"]
[PlyCount "66"]
[EventDate "1999.08.20"]

1.e4 c5 2.c3 Nf6 3.e5 Nd5 4.d4 cxd4 5.Nf3 Nc6 6.Bc4 Nb6 7.Bb3 g6 8.Ng5 d5 
9.exd6 e6 10.cxd4 Qxd6 11.Nc3 Bg7 12.O-O O-O 13.Nge4 Qxd4 14.Qf3 f5 15.Ng5
Qf6 16.Re1 Nd4 17.Qh3 h6 18.Nf3 Nxb3 19.axb3 g5 20.Ne5 Rd8 21.Be3 Qxe5 22.
Bxg5 Qxe1+ 23.Rxe1 hxg5 24.Qh5 g4 25.h3 g3 26.Re3 gxf2+ 27.Kxf2 f4 28.Re5 
Bxe5 29.Qxe5 Rd5 30.Qf6 Bd7 31.Qg6+ Kh8 32.Qh6+ Kg8 33.Qg6+ Kh8 1/2-1/2

[Event "XI Festival A"]
[Site "Porto San Giorgio ITA"]
[Date "1999.08.23"]
[Round "4"]
[White "Nironi, Andrea"]
[Black "Dragojlovic, Andjelko"]
[Result "0-1"]
[WhiteElo "2105"]
[BlackElo "2350"]
[PlyCount "46"]
[EventDate "1999.08.20"]

1.d4 Nf6 2.Bg5 g6 3.c4 Bg7 4.Nc3 c5 5.d5 O-O 6.e4 d6 7.f4 b5 8.cxb5 a6 9.
bxa6 Nxa6 10.Be2 Rb8 11.Qd2 Rxb2 12.Qxb2 Nxe4 13.Qc2 Bxc3+ 14.Kf1 Bf5 15.
Bxa6 Bxa1 16.Bd3 Nxg5 17.Bxf5 gxf5 18.fxg5 Qa8 19.Ne2 Qxd5 20.Kf2 Bd4+ 21.
Nxd4 Qxd4+ 22.Ke2 Ra8 23.h4 Qe4+ 0-1

[Event "XI Festival A"]
[Site "Porto San Giorgio ITA"]
[Date "1999.08.23"]
[Round "4"]
[White "Patavia, Antonio"]
[Black "Rago, Riccardo"]
[Result "0-1"]
[WhiteElo "2080"]
[BlackElo "2175"]
[PlyCount "48"]
[EventDate "1999.08.20"]

1.e4 c5 2.Nc3 Nc6 3.g3 g6 4.Bg2 Bg7 5.Nge2 d6 6.O-O e6 7.d3 Nge7 8.f4 O-O 
9.Be3 Nd4 10.Qd2 Rb8 11.g4 f5 12.gxf5 exf5 13.Ng3 b5 14.Nd1 Bb7 15.c3 Ne6 
16.Ne2 d5 17.e5 d4 18.cxd4 cxd4 19.Bf2 Bxg2 20.Kxg2 Qd5+ 21.Kg1 Kh8 22.h4 
Bh6 23.b3 Nc6 24.Be1 Nxe5 0-1

[Event "XI Festival A"]
[Site "Porto San Giorgio ITA"]
[Date "1999.08.23"]
[Round "4"]
[White "Sermek, Drazen"]
[Black "Naumkin, Igor"]
[Result "1/2-1/2"]
[WhiteElo "2545"]
[BlackElo "2489"]
[PlyCount "51"]
[EventDate "1999.08.20"]

1.e4 e6 2.d4 d5 3.Nd2 c5 4.exd5 Qxd5 5.Ngf3 cxd4 6.Bc4 Qd6 7.Qe2 Nf6 8.Nb3
Nc6 9.Bg5 a6 10.O-O-O b5 11.Bd3 Be7 12.Kb1 Bb7 13.Nbxd4 Nxd4 14.Nxd4 O-O 
15.Rhe1 Qxd4 16.Bxh7+ Nxh7 17.Rxd4 Bxg5 18.f4 Bf6 19.Rdd1 g6 20.g4 Rac8 
21.f5 exf5 22.gxf5 gxf5 23.Qd3 Be4 24.Rxe4 fxe4 25.Qxe4 Kh8 26.a3 1/2-1/2

[Event "XI Festival A"]
[Site "Porto San Giorgio ITA"]
[Date "1999.08.23"]
[Round "4"]
[White "Timoscenko, Gennadij A."]
[Black "Voltolini, Giuseppe"]
[Result "1-0"]
[WhiteElo "2536"]
[BlackElo "2260"]
[PlyCount "75"]
[EventDate "1999.08.20"]

1.d4 d5 2.c4 dxc4 3.e3 Nf6 4.Bxc4 e6 5.Nf3 c5 6.O-O a6 7.Bd3 b5 8.a4 b4 9.
dxc5 Bxc5 10.b3 Bb7 11.Bb2 Nbd7 12.Nbd2 Be7 13.Qe2 Nc5 14.Bc2 Qd5 15.Rfd1 
Qh5 16.e4 O-O 17.Rac1 Rfd8 18.h3 a5 19.Qe3 Rac8 20.Ne5 Nfd7 21.Nec4 Ba6 
22.e5 Nxa4 23.bxa4 Bxc4 24.Nxc4 Rxc4 25.g4 Qh6 26.Qxh6 gxh6 27.Bxh7+ Kxh7 
28.Rxc4 Nb6 29.Rxd8 Bxd8 30.Rc6 Nxa4 31.Bd4 b3 32.Rd6 Bg5 33.Rd7 Bd2 34.
Rxf7+ Kg8 35.Rf3 Bc3 36.Bxc3 Nxc3 37.Rxc3 a4 38.Rc8+ 1-0

[Event "XI Festival A"]
[Site "Porto San Giorgio ITA"]
[Date "1999.08.24"]
[Round "5"]
[White "Bellia, Fabrizio"]
[Black "Bernard, Jacques"]
[Result "1-0"]
[WhiteElo "2333"]
[BlackElo "2176"]
[PlyCount "97"]
[EventDate "1999.08.20"]

1.e4 c5 2.Nf3 Nc6 3.d4 cxd4 4.Nxd4 Nf6 5.Nc3 e5 6.Ndb5 d6 7.a4 a6 8.Na3 
Be6 9.Bc4 Be7 10.O-O O-O 11.Bd5 Bxd5 12.exd5 Nb4 13.Nc4 Rc8 14.b3 b5 15.
axb5 axb5 16.Nxb5 Nfxd5 17.c3 Nxc3 18.Nxc3 d5 19.Nxd5 Qxd5 20.Qxd5 Nxd5 
21.Nxe5 Bf6 22.Ra5 Rfd8 23.Nc4 Nc3 24.Be3 Ne2+ 25.Kh1 Bd4 26.g3 Bxe3 27.
Nxe3 Rd2 28.Kg2 Rb2 29.Rb5 Nd4 30.Rb4 Ne6 31.Nc4 Ra2 32.Rd1 g6 33.Rd2 Rxd2
34.Nxd2 Rc2 35.Nf3 Rb2 36.Rb5 Kg7 37.h4 h5 38.b4 Kf6 39.Rb7 Nc5 40.Rb6+ 
Ne6 41.Ng5 Rb3 42.Ne4+ Ke5 43.Nd6 f6 44.Nc4+ Kd5 45.Rd6+ Kxc4 46.Rxe6 g5 
47.Rxf6 gxh4 48.Rf4+ Kd3 49.Rf3+ 1-0

[Event "XI Festival A"]
[Site "Porto San Giorgio ITA"]
[Date "1999.08.24"]
[Round "5"]
[White "Bontempi, Piero"]
[Black "Badea, Bela"]
[Result "1/2-1/2"]
[WhiteElo "2244"]
[BlackElo "2479"]
[PlyCount "92"]
[EventDate "1999.08.20"]

1.e4 g6 2.d4 d6 3.Nc3 c6 4.Be3 Qb6 5.Qd2 Qxb2 6.Rb1 Qa3 7.Nf3 Bg7 8.Bc4 
Qa5 9.O-O e6 10.Bf4 e5 11.Bg5 h6 12.Be3 Qc7 13.Nh4 g5 14.Nf3 Nf6 15.dxe5 
dxe5 16.Bc5 Bf8 17.Bxf8 Kxf8 18.Rfd1 Nbd7 19.Qe3 b5 20.Bb3 Qb6 21.Qd2 Qc5 
22.Qd3 a5 23.a4 b4 24.Na2 Ba6 25.Qd2 Ra7 26.Re1 Qe7 27.c3 c5 28.cxb4 axb4 
29.Bd5 Kg7 30.Nc1 Rd8 31.Qb2 Nxd5 32.exd5 f6 33.Nb3 Bc4 34.Nbd4 cxd4 35.
Nxd4 Qe8 36.Nf5+ Kh8 37.Nd6 Qg8 38.Nxc4 Rb8 39.Ne3 Rxa4 40.Qc2 Ra7 41.Rb3 
Ra3 42.Rxa3 bxa3 43.Qa4 Nb6 44.Qxa3 Nxd5 45.Qd6 Rd8 46.Qc6 Kg7 1/2-1/2

[Event "XI Festival A"]
[Site "Porto San Giorgio ITA"]
[Date "1999.08.24"]
[Round "5"]
[White "Chatalbashev, Boris"]
[Black "Iordachescu, Viorel"]
[Result "0-1"]
[WhiteElo "2524"]
[BlackElo "2553"]
[PlyCount "74"]
[EventDate "1999.08.20"]

1.d4 Nf6 2.c4 g6 3.Nc3 Bg7 4.Nf3 O-O 5.Bg5 d6 6.e3 h6 7.Bh4 Nbd7 8.Qc2 g5 
9.Bg3 Nh5 10.O-O-O e6 11.d5 Nc5 12.Be2 e5 13.Nd2 Nxg3 14.hxg3 f5 15.b4 Na6
16.a3 e4 17.Nb3 Qf6 18.Nd4 Bd7 19.g4 Rae8 20.gxf5 Bxf5 21.Rhf1 g4 22.Ncb5 
Bd7 23.c5 dxc5 24.bxc5 Kh8 25.c6 bxc6 26.dxc6 Bf5 27.Nxf5 Qxf5 28.Rd7 Nc5 
29.Nd4 Qe5 30.Bxg4 Nxd7 31.cxd7 Rb8 32.Rd1 Qa5 33.a4 Qb4 34.Nb5 a6 35.Rd4 
Bxd4 36.Nxd4 Qa3+ 37.Kd1 Qa1+ 0-1

[Event "XI Festival A"]
[Site "Porto San Giorgio ITA"]
[Date "1999.08.24"]
[Round "5"]
[White "Davies, Nigel R."]
[Black "Manca, Federico"]
[Result "1/2-1/2"]
[WhiteElo "2518"]
[BlackElo "2373"]
[PlyCount "61"]
[EventDate "1999.08.20"]

1.c4 Nf6 2.g3 g6 3.Bg2 Bg7 4.Nc3 c5 5.d3 Nc6 6.Rb1 O-O 7.a3 e6 8.Nh3 h6 9.
O-O a5 10.e3 d5 11.Nf4 d4 12.Na4 Nd7 13.Re1 Qc7 14.exd4 Nxd4 15.Be3 Rb8 
16.Nc3 Ne5 17.Bxd4 cxd4 18.Nb5 Qd7 19.b4 b6 20.bxa5 bxa5 21.Ne2 Ba6 22.
Nbxd4 Rxb1 23.Qxb1 Nxd3 24.Qxd3 e5 25.Rb1 exd4 26.Rb6 Qa7 27.Rd6 Be5 28.
Rd5 Qc7 29.Qe4 Bg7 30.Nxd4 Bxc4 31.Qc2 1/2-1/2

[Event "XI Festival A"]
[Site "Porto San Giorgio ITA"]
[Date "1999.08.24"]
[Round "5"]
[White "Dragojlovic, Andjelko"]
[Black "Mazzilli, Piero"]
[Result "1-0"]
[WhiteElo "2350"]
[BlackElo "2131"]
[PlyCount "41"]
[EventDate "1999.08.20"]

1.e4 c5 2.Nf3 d6 3.c3 Nf6 4.Be2 g6 5.O-O Bg7 6.Re1 O-O 7.Bf1 Nc6 8.a3 Rb8 
9.h3 e5 10.d4 exd4 11.cxd4 cxd4 12.Nxd4 Re8 13.Nc3 Nxd4 14.Qxd4 Nxe4 15.
Qxa7 Bf5 16.Nd5 Nc5 17.Rxe8+ Qxe8 18.Bg5 Ra8 19.Re1 Be5 20.Rxe5 dxe5 21.
Qxc5 1-0

[Event "XI Festival A"]
[Site "Porto San Giorgio ITA"]
[Date "1999.08.24"]
[Round "5"]
[White "Fabiano, Giuseppe"]
[Black "Timoscenko, Gennadij A."]
[Result "0-1"]
[WhiteElo "2293"]
[BlackElo "2536"]
[PlyCount "84"]
[EventDate "1999.08.20"]

1.e4 c5 2.Nf3 e6 3.d3 Nc6 4.g3 Nf6 5.Bg2 d6 6.O-O Be7 7.Re1 O-O 8.c3 Bd7 
9.Nbd2 b5 10.d4 cxd4 11.cxd4 a5 12.a3 h6 13.b3 e5 14.Bb2 Qb6 15.h3 exd4 
16.Nf1 Ne8 17.Nxd4 Bf6 18.Nxc6 Bxb2 19.Ne7+ Kh8 20.Nd5 Qa7 21.Ra2 Be5 22.
Rd2 Nc7 23.Nfe3 Nxd5 24.Nxd5 Bxg3 25.Kf1 Bh2 26.Qh5 Be6 27.Ne3 Bxb3 28.
Qxb5 Rab8 29.Qh5 Qa6+ 30.Qe2 Qc8 31.f3 Bg3 32.Ra1 Qc3 33.Re1 Ba4 34.Kg1 
Bxe1 35.Qxe1 Rb2 36.Re2 Qxe1+ 37.Rxe1 Rfb8 38.Bf1 Rb1 39.Rxb1 Rxb1 40.Kf2 
Bb5 41.Bxb5 Rxb5 42.Nc4 d5 0-1

[Event "XI Festival A"]
[Site "Porto San Giorgio ITA"]
[Date "1999.08.24"]
[Round "5"]
[White "Glek, Igor V."]
[Black "Cacco, Christian"]
[Result "1-0"]
[WhiteElo "2536"]
[BlackElo "2292"]
[PlyCount "59"]
[EventDate "1999.08.20"]

1.e4 c5 2.Nf3 Nc6 3.Bb5 g6 4.Bxc6 bxc6 5.O-O Bg7 6.Re1 Nf6 7.e5 Nd5 8.c4 
Nc7 9.d4 cxd4 10.Qxd4 O-O 11.Qh4 d5 12.Bh6 f6 13.Bxg7 Kxg7 14.Nc3 g5 15.
Qg3 d4 16.exf6+ exf6 17.Nxd4 Qxd4 18.Re7+ Rf7 19.Rxf7+ Kxf7 20.Qxc7+ Qd7 
21.Qxd7+ Bxd7 22.Rd1 Ke7 23.f3 h5 24.Kf2 Bf5 25.Ke3 g4 26.Kf4 Be6 27.b3 
Rg8 28.Ne4 h4 29.Re1 Bc8 30.Nf2+ 1-0

[Event "XI Festival A"]
[Site "Porto San Giorgio ITA"]
[Date "1999.08.24"]
[Round "5"]
[White "Grigore, George-Gabriel"]
[Black "Lazarev, Vladimir"]
[Result "1/2-1/2"]
[WhiteElo "2526"]
[BlackElo "2501"]
[PlyCount "113"]
[EventDate "1999.08.20"]

1.d4 d5 2.c4 dxc4 3.Nf3 a6 4.e3 e6 5.Bxc4 c5 6.O-O Nf6 7.Bd3 Nbd7 8.Re1 b6
9.e4 cxd4 10.e5 Nd5 11.Bg5 Be7 12.Bxe7 Qxe7 13.Nbd2 Bb7 14.Nc4 O-O 15.Nxd4
Nf4 16.Be4 Nc5 17.Bxb7 Qxb7 18.Qf3 Qxf3 19.Nxf3 b5 20.Nd6 Rfd8 21.Red1 
Nfd3 22.Rab1 b4 23.Rd2 f6 24.Nc4 Ne4 25.Re2 f5 26.Ne1 Rac8 27.Nd6 Nf4 28.
Re3 Nxd6 29.exd6 Rxd6 30.g3 Nd5 31.Rd3 Rdc6 32.Kg2 Kf7 33.Rbd1 Kf6 34.Rb3 
a5 35.Rbd3 g5 36.h3 Rc1 37.R3d2 h5 38.Kf3 a4 39.Ke2 a3 40.Rxc1 Rxc1 41.
bxa3 Nc3+ 42.Kf1 bxa3 43.Rc2 Rxc2 44.Nxc2 Nxa2 45.Nxa3 Nc3 46.Nc4 e5 47.f3
Ke6 48.Kf2 f4 49.g4 hxg4 50.hxg4 Kd5 51.Nb6+ Kd4 52.Nd7 e4 53.fxe4 Nxe4+ 
54.Kf3 Nc5 55.Nf8 Ke5 56.Ng6+ Kf6 57.Nxf4 1/2-1/2

[Event "XI Festival A"]
[Site "Porto San Giorgio ITA"]
[Date "1999.08.24"]
[Round "5"]
[White "Lputian, Smbat G."]
[Black "Malakhov, Vladimir"]
[Result "0-1"]
[WhiteElo "2625"]
[BlackElo "2570"]
[PlyCount "64"]
[EventDate "1999.08.20"]

1.d4 d5 2.c4 e6 3.Nc3 c6 4.e3 f5 5.Bd3 Nf6 6.Nge2 Bd6 7.O-O O-O 8.f3 Kh8 
9.Bd2 Qe7 10.cxd5 Nxd5 11.e4 Nxc3 12.bxc3 c5 13.exf5 exf5 14.d5 Qc7 15.Qa4
Nd7 16.Qh4 Ne5 17.Bc2 Ng6 18.Qh5 Bd7 19.Rfe1 Rae8 20.c4 Kg8 21.Qg5 Bxh2+ 
22.Kf2 Be5 23.Bc3 Bxc3 24.Nxc3 Ne5 25.Rh1 Qa5 26.Ne2 Nxc4 27.Nf4 Qd2+ 28.
Kg3 Rf6 29.Rxh7 Kxh7 30.Rh1+ Kg8 31.Bb3 Nd6 32.Rd1 Qe3 0-1

[Event "XI Festival A"]
[Site "Porto San Giorgio ITA"]
[Date "1999.08.24"]
[Round "5"]
[White "Mola, Pietro"]
[Black "Iotti, Pierluigi"]
[Result "0-1"]
[WhiteElo "2203"]
[BlackElo "2326"]
[PlyCount "90"]
[EventDate "1999.08.20"]

1.d4 d5 2.Nf3 Nf6 3.c4 e6 4.Nc3 Nbd7 5.Bg5 Be7 6.e3 h6 7.Bh4 O-O 8.Rc1 Re8
9.Qc2 c6 10.a3 dxc4 11.Bxc4 Nd5 12.Bg3 Nxc3 13.Qxc3 b6 14.O-O Bb7 15.Rfd1 
Rc8 16.e4 Nf8 17.b4 Ng6 18.Qb3 Qd7 19.h4 h5 20.Qe3 Qd8 21.Ne5 Bxh4 22.Nxg6
fxg6 23.Be5 Bf6 24.Bh2 Bg5 25.Bf4 Bxf4 26.Qxf4 Qf6 27.Qe3 g5 28.e5 Qf4 29.
Qb3 Qf7 30.Bd3 g6 31.Qc2 Kg7 32.Qe2 g4 33.Be4 Rf8 34.Rd2 Rfd8 35.Qe3 Rc7 
36.Rdc2 Rcd7 37.Bxc6 Bxc6 38.Rxc6 Rxd4 39.Rc7 R4d7 40.Qc3 Rxc7 41.Qxc7 
Rd1+ 42.Kh2 Rxc1 43.Qxc1 Qxf2 44.Qc7+ Kh6 45.Qc1+ g5 0-1

[Event "XI Festival A"]
[Site "Porto San Giorgio ITA"]
[Date "1999.08.24"]
[Round "5"]
[White "Naumkin, Igor"]
[Black "Neiman, Emmanuel"]
[Result "1-0"]
[WhiteElo "2489"]
[BlackElo "2353"]
[PlyCount "65"]
[EventDate "1999.08.20"]

1.d4 Nf6 2.Nf3 e6 3.c4 b6 4.g3 Ba6 5.b3 Bb4+ 6.Bd2 Be7 7.Nc3 Bb7 8.Bg2 O-O
9.O-O c5 10.d5 exd5 11.Ng5 h6 12.Nh3 Na6 13.cxd5 d6 14.e4 Nc7 15.f4 b5 16.
g4 b4 17.Na4 Bc8 18.Nf2 Nh7 19.Be3 Bd7 20.e5 Bxa4 21.bxa4 Ne8 22.Rc1 Rc8 
23.Qd3 Kh8 24.Rc4 Rg8 25.Bc1 Nf8 26.Bb2 Bh4 27.g5 dxe5 28.fxe5 hxg5 29.Ne4
Qc7 30.Qh3 Qd7 31.Nxg5 Qxh3 32.Nxf7+ Kh7 33.Bxh3 1-0

[Event "XI Festival A"]
[Site "Porto San Giorgio ITA"]
[Date "1999.08.24"]
[Round "5"]
[White "Rago, Riccardo"]
[Black "Braghetta, Sergio"]
[Result "1-0"]
[WhiteElo "2175"]
[BlackElo "2270"]
[PlyCount "65"]
[EventDate "1999.08.20"]

1.e4 Nc6 2.d4 e5 3.d5 Nce7 4.Nf3 Ng6 5.h4 h5 6.Bc4 Nf6 7.Bg5 Be7 8.Nc3 d6 
9.Qd2 a6 10.a4 Nf8 11.Rd1 N8h7 12.Be2 Bd7 13.Qd3 Qb8 14.Bc1 g6 15.Ng5 Bf8 
16.Nxh7 Nxh7 17.O-O Bg7 18.f4 exf4 19.Bxf4 O-O 20.Qg3 Qe8 21.Rde1 Qe7 22.
Bg5 Nxg5 23.hxg5 Be5 24.Qe3 c5 25.dxc6 bxc6 26.Kh1 Be6 27.Nd1 Qa7 28.b3 a5
29.Bd3 Bd4 30.Qg3 Qc5 31.Ne3 Rae8 32.Nc4 d5 33.exd5 1-0

[Event "XI Festival A"]
[Site "Porto San Giorgio ITA"]
[Date "1999.08.24"]
[Round "5"]
[White "Voltolini, Giuseppe"]
[Black "Farina, Saverio"]
[Result "0-1"]
[WhiteElo "2260"]
[BlackElo "2142"]
[PlyCount "82"]
[EventDate "1999.08.20"]

1.d4 d5 2.c4 e6 3.Nc3 c5 4.cxd5 exd5 5.Nf3 Nc6 6.g3 Nf6 7.Bg2 Be7 8.O-O 
O-O 9.dxc5 Bxc5 10.Bg5 Be6 11.Bxf6 Qxf6 12.Nxd5 Qxb2 13.Nc7 Rad8 14.Qc1 
Qxc1 15.Raxc1 Be7 16.Nxe6 fxe6 17.Rc4 Bf6 18.e3 Rd6 19.Re4 b5 20.Rc1 a5 
21.Bf1 Rb8 22.Rc5 b4 23.Bb5 Rd5 24.Rxc6 Rbxb5 25.Rexe6 a4 26.e4 Rd1+ 27.
Kg2 b3 28.axb3 axb3 29.Rc7 Kf8 30.e5 Bd8 31.Rc4 Kf7 32.Ra6 h6 33.e6+ Kg8 
34.Rc8 Kh7 35.Raa8 Bf6 36.h4 b2 37.g4 b1=Q 38.Rh8+ Kg6 39.h5+ Rxh5 40.
gxh5+ Kxh5 41.Rhf8 Qe4 0-1

[Event "XI Festival A"]
[Site "Porto San Giorgio ITA"]
[Date "1999.08.25"]
[Round "6"]
[White "Badea, Bela"]
[Black "Sedina, Elena"]
[Result "1/2-1/2"]
[WhiteElo "2479"]
[BlackElo "2398"]
[PlyCount "91"]
[EventDate "1999.08.20"]

1.Nf3 Nf6 2.g3 g6 3.b3 Bg7 4.Bb2 O-O 5.Bg2 c5 6.c4 d6 7.d4 Nbd7 8.O-O a6 
9.Re1 Rb8 10.e4 b5 11.e5 Ne8 12.Nbd2 Bb7 13.Rc1 Nc7 14.Qc2 dxe5 15.dxe5 
Ne6 16.Nh4 Bxg2 17.Nxg2 Nb6 18.f4 bxc4 19.Nxc4 Nxc4 20.Qxc4 Qa5 21.Ra1 
Rfd8 22.Bc3 Qb5 23.Rad1 Qxc4 24.bxc4 Nd4 25.Kf2 e6 26.Ne3 h5 27.Rd2 Nc6 
28.Red1 Rxd2+ 29.Rxd2 Rd8 30.Nf1 Bf8 31.Rxd8 Nxd8 32.Nd2 Be7 33.Ne4 Kf8 
34.Kf3 Ke8 35.g4 hxg4+ 36.Kxg4 Nc6 37.Bd2 Nb8 38.h4 Nd7 39.Be3 Nb6 40.Bxc5
Nxc4 41.Bxe7 Kxe7 42.h5 gxh5+ 43.Kxh5 Ne3 44.Kg5 Nd5 45.Nc5 a5 46.a4 
1/2-1/2

[Event "XI Festival A"]
[Site "Porto San Giorgio ITA"]
[Date "1999.08.25"]
[Round "6"]
[White "Cacco, Christian"]
[Black "Ventura, Sergio"]
[Result "0-1"]
[WhiteElo "2292"]
[BlackElo "2209"]
[PlyCount "48"]
[EventDate "1999.08.20"]

1.d4 g6 2.Nf3 d6 3.g3 Bg7 4.Bg2 Nd7 5.O-O c6 6.e4 e5 7.dxe5 dxe5 8.b3 Ngf6
9.Qe2 O-O 10.Rd1 Re8 11.Nbd2 b5 12.a4 Qb6 13.Bb2 a5 14.axb5 cxb5 15.c4 Ba6
16.Bc3 b4 17.Bb2 Bb7 18.Ne1 Nc5 19.Nd3 Nfd7 20.Nf1 Nxb3 21.Rab1 Ndc5 22.
Ne3 Nd4 23.Qg4 h5 24.Qg5 Nxe4 0-1

[Event "XI Festival A"]
[Site "Porto San Giorgio ITA"]
[Date "1999.08.25"]
[Round "6"]
[White "Cioara, Andrei Nestor"]
[Black "Bontempi, Piero"]
[Result "1-0"]
[WhiteElo "2423"]
[BlackElo "2244"]
[PlyCount "75"]
[EventDate "1999.08.20"]

1.e4 c5 2.Nf3 d6 3.d4 cxd4 4.Nxd4 Nf6 5.Nc3 g6 6.g3 Bg7 7.Bg2 O-O 8.O-O 
Bd7 9.h3 Nc6 10.Nde2 Rc8 11.Bg5 Ne5 12.a4 h6 13.Be3 Nc4 14.Bc1 a6 15.b3 
Na5 16.Be3 b5 17.axb5 axb5 18.Ra2 Nc6 19.Qd2 Nb4 20.Raa1 Nxc2 21.Qxc2 b4 
22.Qd3 bxc3 23.Nxc3 Ng4 24.Bd2 Ne5 25.Qe3 Nc6 26.Ra4 Rb8 27.Rb1 Nb4 28.Ra7
Nc6 29.Ra3 Nb4 30.Rc1 e6 31.Na4 d5 32.e5 f6 33.exf6 Rxf6 34.Bc3 Rf8 35.
Bxg7 Kxg7 36.Nc5 Rf6 37.Ra7 Rf7 38.Rxd7 1-0

[Event "XI Festival A"]
[Site "Porto San Giorgio ITA"]
[Date "1999.08.25"]
[Round "6"]
[White "Glek, Igor V."]
[Black "Bykhovsky, Anatoly A."]
[Result "1-0"]
[WhiteElo "2536"]
[BlackElo "2398"]
[PlyCount "39"]
[EventDate "1999.08.20"]

1.d4 d5 2.c4 e6 3.Nc3 c6 4.Nf3 dxc4 5.Bg5 f6 6.Bd2 c5 7.e3 Nc6 8.Bxc4 cxd4
9.exd4 Nxd4 10.O-O Nxf3+ 11.Qxf3 Qxd2 12.Rad1 Qg5 13.Rfe1 Be7 14.Nb5 Qc5 
15.Rc1 Qb6 16.Nc7+ Qxc7 17.Bb5+ Kd8 18.Red1+ Bd6 19.Qa3 Bd7 20.Rxc7 1-0

[Event "XI Festival A"]
[Site "Porto San Giorgio ITA"]
[Date "1999.08.25"]
[Round "6"]
[White "Iotti, Pierluigi"]
[Black "Davies, Nigel R."]
[Result "0-1"]
[WhiteElo "2326"]
[BlackElo "2518"]
[PlyCount "88"]
[EventDate "1999.08.20"]

1.d4 Nf6 2.c4 g6 3.Nc3 d5 4.cxd5 Nxd5 5.Bd2 Bg7 6.e4 Nb6 7.Be3 O-O 8.Rc1 
c6 9.Be2 Na6 10.Nf3 Bg4 11.O-O Nc7 12.Qd2 Bxf3 13.gxf3 Qd7 14.Rfd1 Rad8 
15.a4 Qh3 16.Qe1 Ne6 17.a5 Nc8 18.Bf1 Qh4 19.Ne2 a6 20.Bg2 Nd6 21.f4 Nb5 
22.d5 cxd5 23.exd5 Nec7 24.Nc3 Nd6 25.Ne4 Ncb5 26.Nxd6 Nxd6 27.Qb4 Qg4 28.
Rd2 Rc8 29.Rc5 Rxc5 30.Bxc5 Bh6 31.Be3 Rc8 32.Rd3 Rc4 33.Qe1 Bxf4 34.Bxf4 
Qxf4 35.Rc3 Kf8 36.h3 f6 37.Rxc4 Qxc4 38.Qd2 g5 39.Bf1 Qe4 40.Bg2 Qe5 41.
Qc2 Kg7 42.Qc7 h5 43.Bf3 Qe1+ 44.Kg2 Nf5 0-1

[Event "XI Festival A"]
[Site "Porto San Giorgio ITA"]
[Date "1999.08.25"]
[Round "6"]
[White "Malakhov, Vladimir"]
[Black "Iordachescu, Viorel"]
[Result "1-0"]
[WhiteElo "2570"]
[BlackElo "2553"]
[PlyCount "76"]
[EventDate "1999.08.20"]

1.e4 c5 2.Nf3 e6 3.d4 cxd4 4.Nxd4 a6 5.Bd3 g6 6.O-O Bg7 7.Be3 Nf6 8.c4 d6 
9.Nc3 O-O 10.Rc1 b6 11.f3 Bb7 12.Qd2 Nbd7 13.Rfd1 Rc8 14.Bf1 Ne5 15.Na4 d5
16.exd5 exd5 17.c5 b5 18.Nb6 Rc7 19.b3 Re8 20.Bg5 Qe7 21.c6 Qd6 22.Bxb5 
Rd8 23.Qa5 axb5 24.Nxb5 Nxf3+ 25.gxf3 Qe5 26.Nxc7 Qxg5+ 27.Kh1 Qf4 28.Qd2 
Qxc7 29.cxb7 Qxb7 30.Na4 d4 31.Qf4 Nd5 32.Qe4 Qa6 33.Re1 h5 34.Rcd1 Kh7 
35.Rd2 Qa5 36.Ree2 Ne3 37.Nb2 Qxa2 38.Nd1 Qa5 1-0

[Event "XI Festival A"]
[Site "Porto San Giorgio ITA"]
[Date "1999.08.25"]
[Round "6"]
[White "Mrdja, Milan"]
[Black "Razuvaev, Yuri S."]
[Result "1/2-1/2"]
[WhiteElo "2425"]
[BlackElo "2559"]
[PlyCount "55"]
[EventDate "1999.08.20"]

1.e4 c5 2.Nf3 e6 3.d4 cxd4 4.Nxd4 Nc6 5.Nc3 Qc7 6.Be3 a6 7.Bd3 b5 8.Nxc6 
Qxc6 9.O-O Bb7 10.Re1 Nf6 11.Bd4 Be7 12.Qe2 O-O 13.a4 b4 14.Nb1 Qd6 15.
Bxf6 Bxf6 16.e5 Qc6 17.f3 Bh4 18.g3 Be7 19.Nd2 f6 20.Kg2 fxe5 21.Qxe5 Bf6 
22.Qe4 Qxe4 23.Nxe4 Be7 24.Rad1 Rfc8 25.f4 Rc7 26.Kh3 Rf8 27.b3 a5 28.Rd2 
1/2-1/2

[Event "XI Festival A"]
[Site "Porto San Giorgio ITA"]
[Date "1999.08.25"]
[Round "6"]
[White "Neiman, Emmanuel"]
[Black "Tocchioni, Doriano"]
[Result "1-0"]
[WhiteElo "2353"]
[BlackElo "2240"]
[PlyCount "71"]
[EventDate "1999.08.20"]

1.d4 c6 2.c4 d5 3.Nf3 e6 4.Nc3 f5 5.g3 Nf6 6.Bg2 Bb4 7.O-O O-O 8.Qb3 a5 9.
a3 Bxc3 10.bxc3 a4 11.Qc2 Nbd7 12.cxd5 exd5 13.c4 Nb6 14.c5 Nc4 15.Rb1 Ne4
16.Rb4 Re8 17.Ne1 Qf6 18.Nd3 g5 19.Ne5 Nxe5 20.dxe5 Qe7 21.Be3 Ra5 22.Rc1 
Qxe5 23.Bd4 Qe7 24.Rxa4 Rxa4 25.Qxa4 Kf7 26.Qc2 Kg6 27.Rb1 h5 28.a4 g4 29.
a5 Ng5 30.Rb2 Nh3+ 31.Kf1 h4 32.Rb6 Ng5 33.a6 Kh5 34.axb7 Bxb7 35.gxh4 Nf3
36.Qxf5+ 1-0

[Event "XI Festival A"]
[Site "Porto San Giorgio ITA"]
[Date "1999.08.25"]
[Round "6"]
[White "Nironi, Andrea"]
[Black "Sabia, Corrado"]
[Result "0-1"]
[WhiteElo "2105"]
[BlackElo "2198"]
[PlyCount "34"]
[EventDate "1999.08.20"]

1.d4 d5 2.c4 c6 3.Nf3 Nf6 4.Nc3 dxc4 5.a4 Bf5 6.Ne5 Na6 7.f3 Nd7 8.Nxc4 e5
9.e4 exd4 10.Qxd4 Nb4 11.Qf2 Nc5 12.Ne5 Qf6 13.Bf4 Be6 14.Bg3 Nb3 15.f4 
Bc5 16.Qf3 Nc2+ 17.Kd1 Ne3+ 0-1

[Event "XI Festival A"]
[Site "Porto San Giorgio ITA"]
[Date "1999.08.25"]
[Round "6"]
[White "Piantoni, Roberto"]
[Black "Szonyi, Kata"]
[Result "1-0"]
[WhiteElo "2184"]
[BlackElo "2101"]
[PlyCount "45"]
[EventDate "1999.08.20"]

1.d4 d5 2.Nf3 Nf6 3.e3 e6 4.Nbd2 a6 5.Bd3 c5 6.c3 Nc6 7.O-O cxd4 8.exd4 
Bd6 9.Re1 Nd7 10.Nf1 h6 11.Bc2 b6 12.Ne3 Nf6 13.Nf5 O-O 14.Nxd6 Qxd6 15.
Ne5 Ne7 16.Qf3 Ne8 17.Bf4 Qd8 18.Qg3 Kh8 19.Bxh6 gxh6 20.Qh4 Kg7 21.Re3 
Rh8 22.Rg3+ Kf8 23.Rf3 1-0